Mat̋risez l'I.Soc

Detalles Bibliográficos
Autor principal: Darte, Dominique
Otros Autores: Nol︠, Yves
Formato: Desconocido
Lenguaje:francés
Publicado: Liege : Edipro, 2007
Materias:
Acceso en línea:Acceso restringido

MARC

LEADER 00000ny a22000003n 4500
005 20110519151515.0
008 090127s2007 be a sb 000 0 fre c
020 |a 2930287446 
035 |a 2459 
040 |a UMA.RE  |d vLex 
080 |a 347.72(0.034) 
080 |a 351.713(0.034) 
090 |c 72  |d 72 
100 1 |a Darte, Dominique 
245 1 0 |a Mat̋risez l'I.Soc  |h [Recurso electrn̤ico]  |c Dominique Darte, Yves NoeÌ€el  
256 |a Servicio en ln̕ea 
260 |a Liege :   |b Edipro,   |c 2007 
506 1 |a Contenido solo disponible en los productos indicados  |d vLex Global  |d vLex Global (Academic Edition, excluding Law Schools)  |d vLex Global (U.S. Academic Edition, Law Schools)  |d vLex Global (U.S. Academic Edition, excluding Law Schools)  |d vLex Global (Academic Edition, Law Schools) 
650 0 4 |a Derecho fiscal  
700 1 |a Nol︠, Yves 
740 0 |a vLex Libros (Servicios en ln̕ea) 
856 4 0 |u http://vlex.com/source/2459  |z Acceso restringido 
942 |c BOOK 
999 0 4 |a Taxation  |v En ln̕ea  |b European Union 
999 0 4 |a Impuesto Sobre Las Rentas De Sociedades  |v En ln̕ea